000
00202 a2200097 4500
001
52509
100
_a
Sheldon, S
245
_a
Rage of Angels
260
_a
London
_b
Pan Books
_c
090
_c
32996
_d
32996
942
_a
NUST-CAE
_c
M
_c
25553
999
_c
287582
_d
287582